Geography Quiz

Random Geography or State Quiz

States of Nigeria Quiz Stats

 Plays Quiz not verified by Sporcle

Score 0/37 Timer 10:00
0 Plays Today
Number State % Correct
1Abuja Federal Capital Territory
91.2%
25Lagos
78.7%
11Cross River
71%
10Borno
70.6%
12Delta
67.6%
20Kano
65.1%
3Enugu
64.3%
33Rivers
63.6%
27Niger
63.2%
4Akwa Ibom
62.1%
17Imo
62.1%
5Adamawa
61.8%
31Oyo
61%
8Bayelsa
59.2%
14Edo
59.2%
2Anambra
58.8%
28Ogun
58.8%
6Abia
58.1%
29Ondo
57.4%
Number State % Correct
30Osun
56.6%
9Benue
56.3%
32Plateau
56.3%
7Bauchi
55.9%
19Kaduna
55.1%
15Ekiti
54.4%
18Jigawa
54%
13Ebonyi
52.6%
22Kebbi
52.2%
37Zamfara
52.2%
21Katsina
51.8%
36Yobe
51.8%
34Sokoto
51.5%
16Gombe
51.1%
23Kogi
49.3%
24Kwara
46%
26Nasarawa
45.6%
35Taraba
45.2%

You're not logged in!

Compare scores with friends on all Sporcle quizzes.
Join for Free
OR
Log In

You Might Also Like...

Show Comments

Extras

Top Quizzes Today


Score Distribution

Your Account Isn't Verified!

In order to create a playlist on Sporcle, you need to verify the email address you used during registration. Go to your Sporcle Settings to finish the process.

Report this User

Report this user for behavior that violates our Community Guidelines.

Details: